| 000 | 00391 a2200109 4500 | ||
|---|---|---|---|
| 001 | ART_11189 | ||
| 005 | 20260410161855.0 | ||
| 008 | 260409a | ||
| 245 | 1 | 0 | _aSobre la concentración del poder monetario y la evolución reciente del sistema monetario internacional |
| 100 | 1 | _aVázquez-Presedo, Vicente | |
| 773 | 0 |
_tRevista de Economía _g- Nº 37 (jun. 1983) _wREV11077 |
|
| 999 |
_c25378 _d25378 |
||